| 000 | 00702nam a2200205 4500 | ||
|---|---|---|---|
| 020 | _a0075480158 | ||
| 082 |
_a532 _bSTR _cL-22, P-22. |
||
| 100 |
_aStreeter, Victor L. _939966 |
||
| 245 |
_aFluid Mechanics _bFundamentals of Fluid Mechanics _cStreeter, Victor L. Wylie E. Benjamin |
||
| 250 | _a1st ed. | ||
| 260 |
_aSingapore _bFong & Sons _cc1983. |
||
| 300 |
_aviii, 562 p. _bill. _c22 cm. |
||
| 526 |
_a0 _b0 _c0 _d532_000000000000000_STR |
||
| 526 |
_a0 _b0 _c0 _d532_000000000000000_STR |
||
| 526 |
_a0 _b0 _c0 _d532_000000000000000_STR |
||
| 526 |
_a0 _b0 _c0 _d532_000000000000000_STR |
||
| 650 |
_aFluid Mechanics _91678 |
||
| 700 |
_aStreeter, Victor L. Wylie E. Benjamin _939967 |
||
| 942 |
_2ddc _cBK |
||
| 999 |
_c544346 _d544346 |
||